000 01510cam a2200337 a 4500
001 EDZ0000072215
003 StDuBDS
005 20161031105111.0
006 m||||||||d||||||||
007 cr |||||||||||
008 120412s2007 enka fo| 001|0|eng d
020 _a9781446213971 (ebook) :
_cNo price
040 _aStDuBDS
_beng
_cStDuBDS
_epn
049 _aAlfaisal Main Library
050 0 _aLB1032
_b.J62 2007
082 0 4 _a371.3950941
_223
100 1 _aJolliffe, Wendy.
245 1 0 _aCooperative learning in the classroom
_h[electronic resource] :
_bputting it into practice /
_cWendy Jolliffe.
260 _aLondon :
_bPaul Chapman,
_c2007.
300 _a1 online resource ([ix], 132 p.) :
_bill.
504 _aIncludes bibliographical references and index.
520 8 _aAn accessible guide to implementing cooperative learning in the classroom, this title includes an explanation of the key factors that make cooperative learning work, a step-by-step approach to implementing cooperative learning in the classroom, advice on how to measure the effectiveness of cooperative learning, and more.
521 _aSpecialized.
588 _aDescription based on print version record.
650 0 _aGroup work in education
_zGreat Britain.
655 7 _aElectronic books.
_2local
710 2 _aSage eBooks
776 0 8 _iPrint version :
_z9781412923804
856 4 0 _uhttp://ezproxy.alfaisal.edu/login?url=http://sk.sagepub.com/books/cooperative-learning-in-the-classroom
942 _2lcc
_cEBOOKS
999 _c479314
_d479314